00821nam a2200193Ia 4500003000900000008004100009020001800050040001600068080001700084111010400101245024800205260005000453300002300503650001100526650001700537650002000554700002400574700002900598IN-BaIIA211028s9999 xx 000 0 eng d a1-56396-291-8 cIIA Library a523.985bRYA aWorkshop on High-Energy Solar Phenomena - A New Era of Spacecraft MeasurementscNew Hampshired1993 0aHigh-Energy Solar phenomena - a new era of Spacecraft measurementsbproceedings of Workshop on high-Energy Solar phenomena - a new era of Spacecraft measurements, held in New Hampshire, USA,1993cedited by W. Thomas Vestrand and James M. Ryan  aNew YorkbAmerican Institute of Physicsc1994 a[various pagings.] aFlares aSolar Flares aSolar Phenomena aRyan, James M., ed. aVestrand, W. Thomas, ed.